000 00691naa a22001817a 4500
001 7362
003 KOSZ 005
005 20180406101658.0
008 160225s1986 uk ||||| |||| 00| 0 eng
040 _cBPK
_dKOSZ 005/HR
041 _aeng
080 _a51
100 1 _aHRYNIEWICZ, Zdzisław.
_d1982 - 1996.
_bWyższa Szkoła Inżynierska w Koszalinie - Wydział Inżynierii Lądowej i Sanitarnej,
_cZakład Matematyki
245 1 0 _aEffective solution for Rayleigh type waves in randomly inhomogeneous medium /
_cZdzisław Htyniewicz.
500 _aDane z kartoteki bpp.
773 0 _iW :
_tReports of the Departament of Mathematics and Informatics. -
_g1986, no 86-22
942 _cART
_2UKD
999 _c7362
_d7362